000 00563nam a22002057a 4500
003 OSt
005 20140310183127.0
008 130529t xxu||||| |||| 00| 0 eng d
020 _a9781926692227
050 _aQH 507
_b.F363 2010
082 _aFIL 572.80285
_bI61 2010
245 _aIntroduction to Bio-Informatics
_cFernandez, Alberto
260 _aMistwell Crescent Oakville
_bApple Academic Press Inc.
_cc2010
300 _a304 p.
521 _acollege students
526 _c1210L-1700L
541 _j1
562 _e1
942 _2lcc
_cBK
_kFIL
999 _c19054
_d19054